NHL 2022-23 Rookies - Statistics

General Stats
  • This quiz has been taken 98 times
  • The average score is 11 of 23
Answer Stats
Current team Country Position Answer % Correct
Seattle Kraken USA Center Matty Beniers
80%
Montreal Canadiens SLK Right Wing Juraj Slafkovsky
76%
Buffalo Sabres CAN Defense Owen Power
73%
Anahiem Ducks CAN Center Mason McTavish
67%
Seattle Kraken CAN Center Shane Wright
63%
Winnipeg Jets CAN Center Cole Perfetti
54%
Columbus Blue Jackets CAN Center Kent Johnson
54%
Ottawa Senators USA Defense Jake Sanderson
52%
Minnesota Wild AUT Center Marco Rossi
50%
Buffalo Sabres GER Left Wing JJ Peterka
49%
Montreal Canadiens CAN Defense Kaiden Guhle
49%
San Jose Sharks SWE Center William Eklund
48%
Vancouver Canucks RUS Left Wing Andrei Kuzmenko
45%
Dallas Stars CAN Center Wyatt Johnston
40%
Ottawa Senators USA Center Shane Pinto
38%
Arizona Coyotes CAN Right Wing Dylan Guenther
36%
Minnesota Wild CAN Defense Calen Addison
35%
Buffalo Sabres CAN Right Wing Jack Quinn
35%
New Jersey Devils SWE Right Wing Alexander Holtz
33%
Montreal Canadiens USA Defense Jordan Harris
32%
Arizona Coyotes FIN Left Wing Matias Macelli
29%
San Jose Sharks USA Center Thomas Bordeleau
24%
Arizona Coyotes CAN Center Jack McBain
8%
No matching quizzes found
Score Distribution
Percent of People with Each Score
Percentile by Number Answered
Your Score History
You have not taken this quiz